[Event "SVK-ch U14 Girls"]
[Site "Lubovna"]
[Date "2020.08.16"]
[Round "2"]
[White "Kapicakova, Lucia"]
[Black "Mackova, Hana"]
[Result "1-0"]
[WhiteElo "1591"]
[BlackElo "1022"]
[PlyCount "63"]
[EventDate "2020.08.15"]
[EventType "tourn"]
[EventRounds "7"]
[EventCountry "SVK"]
[SourceTitle "EXT 2021"]
[Source "ChessBase"]
[SourceDate "2020.10.23"]
[SourceVersion "1"]
[SourceVersionDate "2020.10.23"]
[SourceQuality "1"]

1. e4 e5 2. Nf3 Nc6 3. Bc4 Nf6 4. d3 Bc5 5. c3 d5 6. exd5 Nxd5 7. 0-0 Bg4 8. h3 Bh5 9. Nbd2 0-0 10. Ne4 Be7 11. Ng3 Bxf3 12. Qxf3 Nf6 13. Bb5 Qd5 14. Qxd5 Nxd5 15. Bxc6 bxc6 16. Nf5 Bc5 17. Bd2 Rab8 18. b4 Bd6 19. a3 a5 20. c4 Nf4 21. c5 Ne2+ 22. Kh1 Bxc5 23. bxc5 Rb2 24. Bxa5 Nd4 25. Nxd4 exd4 26. Kg1 Rc8 27. Rfb1 Rb5 28. Rxb5 cxb5 29. c6 b4 30. axb4 Ra8 31. Re1 Ra6 32. Re8# 1-0